Contabilidad para no contadores
| Main Author: | |
|---|---|
| Format: | Section = Libro |
| Language: | Undetermined Spanish |
| Published: |
México
McGraw-Hill
2005
|
| Subjects: |
| LEADER | 00713nam a2200265Ia 4500 | ||
|---|---|---|---|
| 008 | 240830s9999 xx 000 0 und d | ||
| 020 | |a 970-10-4667-6 | ||
| 040 | |a B-ESTELÍ- RUACS / 657 G898 | ||
| 041 | |a spa | ||
| 082 | |a 657 G898 | ||
| 100 | 1 | |a Guajardo Cantu, Gerardo | |
| 245 | 1 | 0 | |a Contabilidad para no contadores |
| 260 | |a México |b McGraw-Hill |c 2005 | ||
| 300 | |a 428 p. :il | ||
| 650 | 7 | |a CONTABILIDAD - HISTORIA | |
| 650 | 7 | |b CONTABILIDAD FINANCIERA | |
| 650 | 7 | |c ESTADOS FINANCIEROS | |
| 650 | 7 | |d REGISTRO CONTABLE | |
| 650 | 7 | |e CIERRE CONTABLE | |
| 650 | 7 | |f AJUSTES | |
| 650 | 7 | |g INFORME FINANCIERO | |
| 650 | 7 | |h PROBLEMAS Y EJERCICIOS | |
| 942 | |c BK |2 ddc | ||
| 991 | |a TEXTO | ||
| 999 | |c 11390 | ||